| 000 | 00487nam a2200181Ia 4500 | ||
|---|---|---|---|
| 003 | GCL | ||
| 008 | 140319s9999 xx 000 0 ara d | ||
| 040 |
_aGCL / _cGCL |
||
| 082 | 0 | 4 |
_a335.9 _bا ف |
| 100 | 1 | _aهنرى زغيب | |
| 245 | 1 | 0 |
_aالفوضوية / _cهنرى زغيب |
| 700 | 1 | _aارفون، هنرى | |
| 260 |
_a[S.N] : _bمنشورات عويدان ، _c1983 |
||
| 300 | _a127 ص | ||
| 490 |
_aزدنى علما _v0 |
||
| 650 | 0 | 4 | _aالمذاهب |
| 942 |
_2ddc _cBK |
||
| 999 |
_c35872 _d35872 |
||